MYSTERIOUS DEATH AT SAINIK FARMS (Record no. 19780)

MARC details
000 -LEADER
fixed length control field 00331nam a2200133Ia 4500
008 - FIXED-LENGTH DATA ELEMENTS--GENERAL INFORMATION
fixed length control field 240624s9999 xx 000 0 und d
041 ## - LANGUAGE CODE
Language code of text/sound track or separate title eng
082 ## - DEWEY DECIMAL CLASSIFICATION NUMBER
Classification number 823 ANA
100 ## - MAIN ENTRY--PERSONAL NAME
Personal name ANANDANI RUKMANI
245 ## - TITLE STATEMENT
Title MYSTERIOUS DEATH AT SAINIK FARMS
260 ## - PUBLICATION, DISTRIBUTION, ETC.
Date of publication, distribution, etc. 2012
Place of publication, distribution, etc. New Delhi
Name of publisher, distributor, etc. Rupa
300 ## - PHYSICAL DESCRIPTION
Extent 240 : p. : cm. ; 20
365 ## - TRADE PRICE
Currency code RS
Price amount 30
Holdings
Withdrawn status Lost status Damaged status Not for loan Home library Current library Shelving location Date acquired Source of acquisition Cost, normal purchase price Total Checkouts Full call number Barcode Date due Date last seen Date last checked out Copy number Price effective from Koha item type
        IMTN IMTN Rack 39-A 09/27/2012 WBD 195.00 4 823 ANA 19780 07/14/2025 07/04/2025 07/04/2025 1 06/24/2024 Books
Designed & Maintained by: LRC IMT Nagpur Contact: lrc@imtnag.ac.in© 2024. All Rights Reserved.